Schweizer Bundesräte - Statistiken

Allgemein
  • Dieses Quiz wurde 655 mal gespielt
    215 seit der letzten Aktualisierung
  • Das Durchschnittsergebnis liegt bei 17 aus 48
Antwortstatistiken
Name Partei % Korrekt
2018- Karin Keller-Suter FDP
89%
2022- Albert Rösti SVP
83%
2018- Viola Amherd CVP
83%
2011-2023 Alain Berset SPS
82%
2015- Guy Parmelin SVP
82%
2008-2022 Ueli Maurer SVP
81%
2003-2007 Christoph Blocher SVP
79%
2017- Ignazio Cassis FDP
79%
2022- Elisabeth Baume-Schneider SPS
73%
2023- Beat Jans SPS
69%
2010-2022 Simonetta Sommaruga SPS
65%
2010-2018 Johann Schneider-Ammann FDP
63%
1987-2000 Adolf Ogi SVP
57%
2007-2015 Eveline Widmer-Schlumpf BDP
54%
2006-2018 Doris Leuthard CVP
51%
2002-2011 Micheline Calmy-Rey SPS
47%
1993-2002 Ruth Dreifuss SPS
43%
2003-2010 Hans-Rudolf Merz FDP
41%
2000-2008 Samuel Schmid SVP/BDP
40%
1995-2010 Moritz Leuenberger SPS
38%
2009-2017 Didier Burkhalter FDP
37%
1999-2003 Ruth Metzler CVP
37%
1979-1987 Leon Schlumpf SVP
34%
1989-2003 Kaspar Villiger FDP
29%
1998-2009 Pascal Couchepin FDP
28%
1984-1989 Elisabeth Kopp FDP
21%
1999-2006 Joseph Deiss CVP
21%
1983-1995 Otto Stich SPS
18%
1986-1999 Flavio Cotti CVP
17%
1986-1999 Arnold Koller CVP
16%
1965-1979 Rudolf Gnägi SVP
15%
1983-1998 Jean-Pascal Delamuraz FDP
14%
1971-1986 Kurt Furgler CVP
11%
1987-1993 René Felber SPS
11%
1982-1986 Alphons Egli CVP
10%
1966-1973 Nello Celio FDP
8%
1973-1983 Willi Ritschard SPS
8%
1973-1983 Georges-André Chevallaz FDP
6%
1959-1973 Hans-Peter Tschudi SPS
6%
1962-1973 Roger Bonvin CVP
6%
1973-1982 Hans Hürlimann CVP
5%
1977-1987 Pierre Aubert SPS
5%
1982-1984 Rudolf Friedrich FDP
5%
1977-1982 Fritz Honegger FDP
4%
1969-1978 Pierre Graber SPS
4%
1969-1978 Ernst Brugger FDP
2%
1959-1971 Ludwig von Moos CVP
2%
1959-1970 Willy Spühler SPS
2%
Keine übereinstimmenden Quizze gefunden
Verteilung der Resultate
Anzahl Personen mit jedem Resultat
Perzentil nach korrekt beantworteten Fragen
Ihre Resultats-Entwicklung
Sie haben dieses Quiz seit der letzten Aktualisierung nicht gespielt